Stream hydrology : an introduction for ecologists
Αποθηκεύτηκε σε:
| Κύριος συγγραφέας: | |
|---|---|
| Άλλοι συγγραφείς: | , |
| Μορφή: | Βιβλίο |
| Γλώσσα: | English |
| Δημοσίευση: |
Chichester :
Wiley,
c1992
|
| Θέματα: | |
| Ετικέτες: |
Προσθήκη ετικέτας
Δεν υπάρχουν, Καταχωρήστε ετικέτα πρώτοι!
|
MARC
| LEADER | 00000nam a2200000 i 4500 | ||
|---|---|---|---|
| 001 | 1/16885 | ||
| 008 | 980827s1992 eng d | ||
| 020 | |a 0-471-93084-9 | ||
| 035 | |l 10020358 | ||
| 040 | |a GR-MY-UA |b gre |e aacr | ||
| 041 | 0 | |a eng | |
| 082 | 0 | |a 551.483 | |
| 100 | 1 | |a Gordon, Nancy D. | |
| 245 | 1 | 0 | |a Stream hydrology : |b an introduction for ecologists / |c Nancy D. Gordon, Thomas A. McMahon, Brian L. Finlayson ; software author Rory J. Nathan |
| 260 | |a Chichester : |b Wiley, |c c1992 | ||
| 300 | |a 526 p. |b fig.; tabl. | ||
| 504 | |a Includes bibliographical references and index | ||
| 650 | 0 | 0 | |a Rivers. |
| 650 | 0 | 0 | |a Hydrology. |
| 700 | 1 | |a McMahon, T. A. | |
| 700 | 1 | |a Finlayson, Brian. | |
| 852 | |a INST |b LESVOS |e 19980827 |h 551.483 GOR |p 005100013099 |q 005100013099 |t BK |y 0 | ||
| 901 | |a BIBL-1998-3 | ||
| 909 | |a Λ |b 059089 | ||
| 922 | |a 1ΕΛΗ |b 199808 |c ΚΠΣ/ΤΠ |d ΠΑΠΑΣΩΤΗΡΙΟΥ | ||
| 950 | |a 107-1998-06-03 | ||